Catálogo

El pequeño libro de la inteligencia emocional : (Registro nro. 42231)

Detalles MARC
000 -LEADER
fixed length control field 01329cam a2200349 i 4500
001 - CONTROL NUMBER
control field 42231
003 - CONTROL NUMBER IDENTIFIER
control field Mx-PuUPA
005 - DATE AND TIME OF LATEST TRANSACTION
control field 20260120220352.0
008 - FIXED-LENGTH DATA ELEMENTS--GENERAL INFORMATION
fixed length control field 140415s2017 mx gr 000 0 spa d
020 ## - INTERNATIONAL STANDARD BOOK NUMBER
International Standard Book Number 9786075291819
040 ## - CATALOGING SOURCE
Original cataloging agency Mx-PuUPA
Language of cataloging spa
Transcribing agency Mx-PuUPA
Modifying agency Mx-PuUPA
Description conventions rda
041 0# - LANGUAGE CODE
Language code of text/sound track or separate title spa
100 1# - MAIN ENTRY--PERSONAL NAME
Personal name Cope, Andrew,
Dates associated with a name 1966-
9 (RLIN) 17739
Relator term autor
240 14 - UNIFORM TITLE
Uniform title The little book of emotional intelligence.
Language of a work Español
245 13 - TITLE STATEMENT
Title El pequeño libro de la inteligencia emocional :
Remainder of title cómo brillar en un mundo negativo /
Statement of responsibility, etc. Andy Cope ; traducción de Hugo López Araiza Bravo
250 ## - EDITION STATEMENT
Edition statement Primera edición /
Remainder of edition statement junio
264 #1 - PRODUCTION, PUBLICATION, DISTRIBUTION, MANUFACTURE, AND COPYRIGHT NOTICE
Place of production, publication, distribution, manufacture Ciudad de México :
Name of producer, publisher, distributor, manufacturer Ediciones B México,
Date of production, publication, distribution, manufacture, or copyright notice ©2017
300 ## - PHYSICAL DESCRIPTION
Extent 171 páginas ;
Dimensions 23 cm
336 ## - CONTENT TYPE
Fuente rdacontent
Content type term texto
Content type code txt
337 ## - MEDIA TYPE
Source rdamedia
Media type term sin medio
Media type code n
338 ## - CARRIER TYPE
Source rdacarrier
Carrier type term volumen
Carrier type code nc
650 #7 - SUBJECT ADDED ENTRY--TOPICAL TERM
Source of heading or term armarc
Topical term or geographic name entry element Inteligencia emocional
650 #7 - SUBJECT ADDED ENTRY--TOPICAL TERM
Source of heading or term armarc
Topical term or geographic name entry element Empatia
650 #7 - SUBJECT ADDED ENTRY--TOPICAL TERM
Source of heading or term armarc
Topical term or geographic name entry element Relaciones interpersonales
650 #7 - SUBJECT ADDED ENTRY--TOPICAL TERM
Source of heading or term armarc
Topical term or geographic name entry element Psicología positiva
650 #7 - SUBJECT ADDED ENTRY--TOPICAL TERM
Source of heading or term armarc
Topical term or geographic name entry element Autopersepción
700 1# - ADDED ENTRY--PERSONAL NAME
Personal name López Araiza Bravo, Hugo,
Relator term traductor
765 0# - ORIGINAL LANGUAGE ENTRY
Main entry heading Cope, Andrew, 1966-
Place, publisher, and date of publication Reino Unido : Hodder & Stoughton, 2016
Title The little book of emotional intelligence.
942 ## - ADDED ENTRY ELEMENTS (KOHA)
Source of classification or shelving scheme Dewey Decimal Classification
Koha item type Libro
Classification part 152.4
Item part C7818
Existencias
Withdrawn status Lost status Source of classification or shelving scheme Damaged status Not for loan Collection code Home library Current library Shelving location Date acquired Total Checkouts Full call number Barcode Date last seen Price effective from Koha item type
    Dewey Decimal Classification     General Tehuacán Tehuacán Sala general 20/01/2026   152.4 C7818 2017 968000002991 20/01/2026 20/01/2026 Libro